000
00291nam a22001337a 4500
008
190206b xxu||||| |||| 00| 0 eng d
020
_a
9780534394202
041
_a
eng
080
_2
7th
_a
510
100
_a
38
101
_a
MAT
245
_a
Finite Mathematics
_c
Tan,S.T
942
_2
udc
_c
BK
999
_c
54091
_d
54091